Las iglesias y su acción social en Chile
I tiakina i:
| Kaituhi matua: | |
|---|---|
| Hōputu: | Pukapuka |
| Reo: | Pāniora |
| I whakaputaina: |
Santiago
Unicef
1996
|
| Ngā marau: | |
| Ngā Tūtohu: |
Tāpirihia he Tūtohu
Kāore He Tūtohu, Me noho koe te mea tuatahi ki te tūtohu i tēnei pūkete!
|
MARC
| LEADER | 00000nam a2200000 a 4500 | ||
|---|---|---|---|
| 001 | UCP4471 | ||
| 003 | CL-VaPUC | ||
| 008 | 990731e19960000CL |||||||||||||||||spa|d | ||
| 082 | 0 | 4 | |a 361.283 |b PAR |2 21 |
| 100 | |a Parker Gumucio, Cristián |e autor |9 553964 | ||
| 245 | 1 | 4 | |a Las iglesias y su acción social en Chile |
| 300 | |a 157 p | ||
| 942 | |c BK | ||
| 945 | |d 19990731 00:00:00 |a vberengu | ||
| 260 | |a Santiago |b Unicef |c 1996 | ||
| 650 | 0 | |a Iglesia Católica |9 256114 | |
| 650 | 0 | |a Acción social |9 307836 | |
| 650 | 0 | |a Catolicismo |9 258690 | |
| 650 | 0 | |a Iglesias cristianas |9 389221 | |
| 650 | 7 | |a IGLESIAS EVANGELICAS |2 CL-VaPUC |9 431956 | |
| 650 | 0 | |a Ecumenismo |9 255639 | |
| 650 | 7 | |a IGLESIAS AUTONOMAS |2 CL-VaPUC |9 431957 | |
| 651 | 7 | |a CHILE |2 CL-VaPUC |9 431958 | |
| 583 | |a last modification |c 19990731 00:00:00 |k Rodrigo Vera | ||
| 999 | |c 282418 |d 282416 | ||
| 952 | |0 0 |1 0 |4 0 |6 361_283000000000000_PAR_1996 |7 0 |8 P |9 324118 |a BIBEDU |b BIBEDU |c BIBEDU_PB |d 2019-11-20 |i 3538885 |o 361.283 PAR 1996 |p 3538885 |r 2024-01-25 |w 2019-11-20 |y BK |k BME | ||
| 952 | |0 0 |1 0 |4 0 |6 361_283000000000000_PAR_1996 |7 0 |8 P |9 324119 |a BIBEDU |b BIBEDU |c BIBEDU_PB |d 2019-11-20 |i 3538893 |o 361.283 PAR 1996 |p 3538893 |r 2024-01-25 |w 2019-11-20 |y BK |k BME | ||